000 00791nam a2200229Ia 4500
005 20250108125104.0
008 008 250107s9999 xx 000 0 hin d
020 _a978-81-968962-3-2
037 _aTB
040 _aCRL
_bhin
_cCRL
041 _ahin
_2hin
084 _aY:351.26112 Q7
084 _qCRL
100 _aमेघवाल, अर्जुन राम, ले.
245 0 _aदिव्य पथ का दांपत्य
_cमेघवाल, अर्जुन राम, ले.
260 _aनई दिल्ली, भारत
_bप्रभात प्रकाशन
_c3267
300 _a199पृ0
365 _aINR
_b700
650 _aसमाजशास्त्र
942 _cTB
_hY:351.26112 Q7
999 _c1235655
_d1235655